Novye trebovania k podgotovke menedžerov

Guardado en:
Detalles Bibliográficos
Autor principal: Varcholová, Tatiana
Formato: Capítulo de libro
Lenguaje:ruso
Etiquetas: Agregar Etiqueta
Sin Etiquetas, Sea el primero en etiquetar este registro!

MARC

LEADER 00000naa$a2200000$$$4500
001 0060892
005 20240502083145.7
041 0 |a rus 
044 |a UA 
245 1 0 |a Novye trebovania k podgotovke menedžerov  |c Tatiana Varcholová 
100 1 |a Varcholová, Tatiana